| 000 | 00568nam a22001697a 4500 | ||
|---|---|---|---|
| 082 |
_a624.18341 _bRAJ _cL-19, P-94 |
||
| 100 |
_aRaju, Krishna. N _943234 |
||
| 245 |
_aAdvanced reinforced concrete design _cN. Krishna Raju |
||
| 250 | _a1st ed. | ||
| 260 |
_aCollege book store 1701-2, Nai sarak, Delhi-110006 _bSatish Kumar Jain _cc 1986. |
||
| 300 |
_axiv, 359p.: _bill.; _c24 cm. |
||
| 526 |
_a0 _b0 _c0 _d624_183410000000000_RAJ |
||
| 526 |
_a0 _b0 _c0 _d624_183410000000000_RAJ |
||
| 526 |
_a0 _b0 _c0 _d624_183410000000000_RAJ |
||
| 650 |
_aMCE _9379 |
||
| 942 |
_2ddc _cBK |
||
| 999 |
_c547033 _d547033 |
||